000 00308nam a22001337a 4500
003 SGT
082 _a340,AGA
100 _aAGARAWALOMPRAKASH
245 _aINDIAN SALE OF GOODS ACT, 1930
260 _c1959
_aNEW DELHI
_b ,M.B.C. LAW
300 _a838
650 _aINDIAN SALE OF GOODS ACT
942 _2ddc
_cBK
999 _c10353
_d10353